MARC

LEADER 00000nam0a2200000 4500
001 38395
005 20231101210508.0
035 |a (RuTPU)RU\TPU\book\39123 
035 |a RU\TPU\book\39122 
090 |a 38395 
100 |a 20020304d1977 km y0rusy50 ca 
101 0 |a rus 
102 |a RU 
105 |a a z 001zy 
200 1 |a Конструирование металлорежущих станков  |f В. Э. Пуш 
210 |a Москва  |c Машиностроение  |d 1977 
215 |a 392 с.  |c ил. 
320 |a Библиогр.: с. 385-389. 
320 |a Предм. указ.: с. 383-384. 
516 1 |a Конструирование станков 
606 1 |a Металлорежущие станки  |x Конструирование  |x Технологичность  |2 stltpush  |3 (RuTPU)RU\TPU\subj\42606  |9 62265 
610 1 |a проектирование 
610 1 |a конструкции 
610 1 |a расчет 
610 1 |a компоновка 
610 1 |a детали 
610 1 |a манипуляторы 
610 1 |a управление 
610 1 |a контрольно-измерительные устройства 
610 1 |a автоматические линии 
675 |a 621.9.06.001.6  |v 3 
700 1 |a Пуш  |b В. Э.  |g Валентин Эрвинович 
801 1 |a RU  |b 63413507  |c 20020304  |g PSBO 
801 2 |a RU  |b 63413507  |c 20201028  |g PSBO 
900 |a Методология конструирования 
942 |c BK